LEADER 01324nam a2200313 a 4500 001 000000125419 003 CaOOAMICUS 005 20110524122336.0 008 110524s2010 it a u000 u ita r 040 $aPUL$bita 082 04$a759.05 100 1 $aMazzanti, Anna.$0(OLS)http://pul/name/79381 245 10$aGauguin e la scuola di Pont-Aven /$cAnna Mazzanti ed Eliana Princi. 260 $aFirenze :$bE-ducation.it S.p.a.,$c©2010. 300 $a335 p. :$bill. ;$c30 cm 490 1 $aL'etą dell'impressionismo 500 $aTitolo originale della collana: I grandi maestri dell'arte. 504 $aBibliografia p. 333-335. 600 14$aGauguin, Paul,$d1848-1903.$0(OLS)http://pul/subject/37640 650 4$aPittura.$0(OLS)http://pul/subject/15768 700 1 $aPrinci, Eliana.$0(OLS)http://pul/name/79382 830 0$aEtą dell'impressionismo.$0(OLS)http://pul/title/157521 850 $aPUL 852 $aPUL$W1$xSL Cons. Gen., Altre Classi 3$y75$m759. 05 COLL 1.3$j144445$qDDC 21$B143474$CPULBib$Z2$F143474 $H115547 $82 941 1 $a9 996 $6082$a759.05$9(OLS)http://pul/classification/1949 996 $6245$aGauguin e la scuola di Pont-Aven$9(OLS)http://pul/title/158146 996 $6260$aFirenze :$bE-ducation.it S.p.a.$9(OLS)http://pul/publisher/81559 LEADER 01392nam a2200277 a 4500 001 000000135410 003 CaOOAMICUS 005 20130905163411.0 008 130905s2013 it f m 000 0 ita d 040 $aALF$bita$dPUL 100 1 $aSantoro, Chiara.$0(OLS)http://pul/name/87229 245 12$aI disturbi del comportamento alimentare in adolescenza come patologie del desiderio.$bRilievi etico-teologici e prospettive educative /$cChiara Santoro. 260 $aRomae :$b[s.n.],$c2013. 300 $a196 p.$c24 cm 504 $aBibliografia: p. [151]-192. 650 4$aAdolescenti$xPsicologia.$0(OLS)http://pul/subject/10620 710 2 $aAccademia Alfonsiana. Istituto superiore di Teologia morale.$kTesi.$0(OLS)http://pul/name/81838 850 $aPUL 852 $aPUL$W1$xDP1 Tesi Acc. Alfonsiana$y28$m2013 B 11$j155776$qTesi$B155449$CPULBib$Z2$F155449 $82 910 $aPontificia Universitą Lateranense. $bAccademia Alfonsiana$981838 910 $aIstituto superiore di Teologia morale. Accademia Alfonsiana$981838 910 $aAcademia Alfonsiana. Institutum superius theologiae moralis$981838 941 1 $a16 996 $6245$aI disturbi del comportamento alimentare in adolescenza come patologie del desiderio.$bRilievi etico-teologici e prospettive educative$9(OLS)http://pul/title/171216 996 $6260$aRomae :$b[s.n.]$9(OLS)http://pul/publisher/48223